000 01098nam a2200277 a 4500
999 _c420373
_d420373
003 BLK
005 20250717103135.0
008 210525b bu |||||r|||| 00| | bu d
020 _a9786191573615
040 _aBLK
041 _aBUL
_cBUL
080 _aАмериканска литература (на САЩ)
_b821.111(73)
_z821.111(73)-31
100 _9457110
_aАдамс, Лиса Кей
_eпърви автор
139 _aАдамс, Лиса Кей
_bА 28
245 _aКнижно братство под прикритие
_bРоман
_cЛиса Кей Адамс ; прев. от англ. Боряна Даракчиева
260 _9213219
_aСофия
_bИбис
_c2021
300 _a303 с.
_c21 см
380 _aX
490 _9206766
_aКолекция Избрани съвременни любовни романи
700 _aДаракчиева, Боряна Неделчева
_d1975 -
_9368058
852 _bП
_c821-31/А 28 Л
852 _aЦб 313489
_bЦб
942 _cKNG
_n0
_s1
_060
944 _aCR
_k30530
_lМинев Младен
999 _d420373